[Event "Bela Crkva op"]
[Site "Bela Crkva"]
[Date "1983.??.??"]
[Round "12"]
[White "Sahovic, Dragutin"]
[Black "Thorsteins, Karl"]
[Result "1-0"]
[WhiteElo "2465"]
[BlackElo "2370"]

1.d4 Nf6 2.c4 g6 3.Nc3 Bg7 4.e4 d6 5.Nf3 O-O 6.Be2 e5 7.Be3 Qe7 8.d5 Ng4
9.Bg5 f6 10.Bh4 h5 11.Nd2 Nh6 12.f3 Nf7 13.Qc2 a5 14.O-O-O Bh6 15.Bf2 Na6
16.a3 Bd7 17.b3 Nc5 18.Kb2 Kg7 19.h4 c6 20.Nf1 Rfc8 21.Ne3 a4 22.b4 Nb3 23.Qd3 Nd4
24.Nc2 Nxe2 25.Qxe2 f5 26.Qd3 c5 27.Ne3 f4 28.Nc2 Rf8 29.bxc5 dxc5 30.d6 Qd8
31.Bxc5 Rc8 32.Bb4 Rc6 33.Nxa4 Qa8 34.Nc5 Rxd6 35.Qc3 Rxd1 36.Rxd1 Bc8 37.Nd7 Re8
38.Nb6 Qa6 39.Nxc8 Rxc8 40.Rd7 Qe6 41.Re7 Qf6 42.Qd3 Kg8 43.Qd5 Bf8 44.Rxb7 Bxb4
45.axb4  1-0

[Event "Bratislava"]
[Site "Bratislava"]
[Date "1983.??.??"]
[Round "15"]
[White "Pribyl, Josef"]
[Black "Sznapik, Aleksander"]
[Result "1/2-1/2"]
[WhiteElo "2450"]
[BlackElo "2425"]

1.d4 Nf6 2.Nf3 g6 3.c4 Bg7 4.Nc3 O-O 5.e4 d6 6.Be2 e5 7.dxe5 dxe5 8.Qxd8 Rxd8
9.Bg5 Re8 10.O-O-O h6 11.Be3 c6 12.h3 Na6 13.Rd2 Bf8 14.Rhd1  1/2-1/2

[Event "Elekes mem-A"]
[Site "Budapest"]
[Date "1983.??.??"]
[Round "?"]
[White "Knezevic, Milorad"]
[Black "Poettinger, Harald"]
[Result "1-0"]
[WhiteElo "2435"]
[BlackElo "2200"]

1.d4 Nf6 2.Nf3 g6 3.c4 Bg7 4.Nc3 d6 5.e4 O-O 6.Be2 e5 7.dxe5 dxe5 8.Qxd8 Rxd8
9.Bg5 Na6 10.Nd5 Rd6 11.Nxf6+ Bxf6 12.Bxf6 Rxf6 13.Nxe5 Re6 14.f4 Nc5 15.O-O-O Re8
16.Bf3 f6 17.Nd3 Nxe4 18.Rhe1 Nd6 19.c5 Rxe1 20.Rxe1 Nf5 21.Re8+ Kf7 22.Rh8 Kg7
23.Rd8 Ne7 24.Bg4 Kf7 25.Bd1 b6 26.Bb3+ Kg7 27.Re8 Nc6 28.Bd5 Bb7 29.Re6 Ne5
30.Re7+ Kf8 31.Rxe5 fxe5 32.Bxb7 Rb8 33.Nxe5 Rd8 34.cxb6 axb6 35.Kc2 Kg7
36.Bf3 Kf6 37.Kc3 c5 38.a4 Rd4 39.Nc4  1-0

[Event "Elekes mem-A"]
[Site "Budapest"]
[Date "1983.??.??"]
[Round "?"]
[White "Berg, Klaus"]
[Black "Utasi, Tamas"]
[Result "1-0"]
[WhiteElo "2400"]
[BlackElo "2340"]

1.c4 Nf6 2.Nc3 g6 3.e4 d6 4.d4 Bg7 5.Be2 O-O 6.Nf3 e5 7.O-O Nbd7 8.Re1 c6
9.Bf1 Qb6 10.d5 Ng4 11.Qc2 f5 12.h3 Nh6 13.Ng5 Nc5 14.Be3 Qd8 15.Rad1 f4
16.Bxc5 Qxg5 17.Bxd6 Bxh3 18.f3 Nf7 19.Bxf8 Rxf8 20.g4 Bxf1 21.Kxf1 Qe7 22.Rd3 Bf6
23.Red1 Bh4 24.dxc6 bxc6 25.Rd7 Qc5 26.Na4 Qa5 27.b3 Qb4 28.c5 Qb8 29.Qc4 Kg7
30.R1d6 Bg3 31.Rxc6 Kh6 32.Rcc7 Ng5 33.Rb7 Qc8 34.Kg2 Rd8 35.Qd5 Re8 36.Rxa7 Rg8
37.Nb6 Qb8 38.Ra8  1-0

[Event "Elekes mem-A"]
[Site "Budapest"]
[Date "1983.??.??"]
[Round "?"]
[White "Berg, Klaus"]
[Black "Poettinger, Harald"]
[Result "1/2-1/2"]
[WhiteElo "2400"]
[BlackElo "2200"]

1.c4 Nf6 2.Nf3 g6 3.Nc3 Bg7 4.e4 d6 5.d4 O-O 6.Be2 e5 7.O-O Nbd7 8.Re1 c6
9.Bf1 exd4 10.Nxd4 Ng4 11.Qxg4 Bxd4 12.Qg3 Nf6 13.Qd3 Qb6 14.Be3 Bxe3 15.Rxe3 Ng4
16.Re2 Be6 17.b3 Rad8 18.Rd1 f5 19.exf5 Bxf5 20.Qg3 Ne5 21.Na4 Qb4 22.c5 Nf7
23.cxd6 Rxd6 24.Rxd6 Qxd6 25.Qe3 b6 26.h3 Rd8 27.g4 Bd7 28.Rd2 Qe5 29.Qf3 Kg7
30.Qd1 Qe7 31.Nc3 Bc8 32.Bg2 Bb7 33.Rxd8 Qxd8 34.Qe2 Qd7 35.Qe4 Kf6 36.Qf4+ Ke7
37.Ne4 c5 38.Ng5 Nxg5 39.Qxg5+ Kf7 40.Qf4+ Kg7 41.Qe5+ Kf7 42.Bf1 Bd5 43.Qh8 Ke6
44.f4 Kd6 45.Qe5+ Kc6 46.f5 gxf5 47.gxf5 Qf7 48.Kh2 b5 49.f6 c4 50.bxc4 bxc4
51.Bg2 Bxg2 52.Kxg2 Kd7 53.Kf3 Qe6 54.Qb5+ Kd6 55.Qb8+ Kd5 56.Qb7+ Ke5 57.f7  1/2-1/2

[Event "Elekes mem-B"]
[Site "Budapest"]
[Date "1983.??.??"]
[Round "?"]
[White "Votruba, Pavel"]
[Black "Seifert, Milan"]
[Result "1/2-1/2"]
[WhiteElo "2350"]
[BlackElo "2325"]

1.Nf3 Nf6 2.c4 g6 3.Nc3 Bg7 4.e4 d6 5.d4 O-O 6.Be2 e5 7.d5 a5 8.Bg5 h6 9.Bh4 Na6
10.Nd2 Bd7 11.a3 Qe8 12.b3 Nh7 13.Qc2 h5 14.f3 Bh6 15.Bf2 Qe7 16.O-O-O Nc5
17.Kb2 Ra6 18.h4 Rb6 19.Ka2 f5 20.Bd3 Kh8 21.Rb1 Qf7 22.Rhd1 Ra8 23.Rb2 Nf8
24.Nb5 Rc8 25.Rf1 Ra6 26.Nc3 Raa8 27.Be2 Na6 28.Kb1 c6 29.b4 axb4 30.axb4 c5
31.bxc5  1/2-1/2

[Event "Buenos Aires-B"]
[Site "Buenos Aires"]
[Date "1983.??.??"]
[Round "6"]
[White "Aparicio, Anibal"]
[Black "Szmetan, Jorge"]
[Result "1/2-1/2"]
[WhiteElo "2310"]
[BlackElo "2385"]

1.d4 Nf6 2.c4 g6 3.Nc3 Bg7 4.e4 d6 5.Be2 O-O 6.Nf3 Nbd7 7.O-O e5 8.Re1 c6
9.b3 exd4 10.Nxd4 Re8 11.Bf1 Ng4 12.Qxg4 Bxd4 13.Bb2 Nf6 14.Qf4 Be5 15.Qd2 Nh5
16.g3 f5 17.f4 Bg7 18.Bg2 Qa5 19.Re2 Nf6 20.Rae1 fxe4 21.Nxe4 Qxd2 22.Rxd2 Nxe4
23.Bxg7 Bf5 24.Rde2 Kxg7 25.Bxe4 Kf6 26.Bf3 Rxe2 27.Rxe2 a5 28.g4 Be6 29.Rd2 Ke7
30.Kf2 a4 31.Re2 Kd7 32.Kg3 axb3 33.axb3 Ra3 34.Rb2 b5 35.cxb5 cxb5 36.Bd1 b4
37.Kh4 Ra1 38.Rd2 Rb1 39.Rd3 Rc1 40.Rd4 Kc6 41.Kg5 Kc5 42.Rd3 Rc3 43.Rg3 Rc1
44.Rd3 Rc3 45.Rg3 Rc1 46.Rd3 Rc3  1/2-1/2

[Event "Capablanca mem-B"]
[Site "Cienfuegos"]
[Date "1983.??.??"]
[Round "?"]
[White "Lukacs, Peter"]
[Black "Vogt, Lothar"]
[Result "1-0"]
[WhiteElo "2460"]
[BlackElo "2510"]

1.d4 Nf6 2.c4 g6 3.Nc3 Bg7 4.e4 d6 5.Be2 O-O 6.Nf3 e5 7.O-O Nbd7 8.Qc2 c6
9.Rd1 exd4 10.Nxd4 Qe7 11.Bg5 Nc5 12.f3 h6 13.Bh4 Ne6 14.Nxe6 Bxe6 15.Rd2 g5
16.Bg3 Ne8 17.Rad1 Be5 18.Na4 Ng7 19.Rxd6 Bxg3 20.hxg3 Rfd8 21.Qd2 Rxd6 22.Qxd6 Qxd6
23.Rxd6 Kf8 24.f4 Ke7 25.Rd1 f5 26.g4 fxe4 27.f5 Bf7 28.Nc5 b6 29.Nxe4 Ne8
30.b3 a5 31.c5 bxc5 32.Nxc5 Nf6 33.Bf3 Bd5 34.Kf2 Kd6 35.Na4 Re8 36.Nc3 Kc5
37.Rh1 Rh8 38.Rc1 Kb4 39.Nxd5+ cxd5 40.Rc6 Rf8 41.Ke3 Ka3 42.Rc2 Re8+ 43.Kd4 Rb8
44.Rc6 Rb4+ 45.Ke5 Nd7+ 46.Ke6 Nb8 47.Rc5 Rb6+ 48.Kxd5 Kxa2 49.Rxa5+ Kxb3
50.Ra7 Na6 51.Rg7 Nb4+ 52.Kc5 Rb8 53.Rb7 Rxb7 54.Bxb7 Nd3+ 55.Kd6  1-0

[Event "Capablanca mem-B"]
[Site "Cienfuegos"]
[Date "1983.??.??"]
[Round "?"]
[White "Vera, Reynaldo"]
[Black "Vogt, Lothar"]
[Result "0-1"]
[WhiteElo "2420"]
[BlackElo "2510"]

1.d4 Nf6 2.c4 g6 3.Nc3 Bg7 4.e4 d6 5.Nf3 O-O 6.Be2 e5 7.O-O Nbd7 8.Qc2 c6
9.Rd1 Qe7 10.d5 c5 11.Rb1 h6 12.b4 Nh7 13.Be3 b6 14.Qc1 h5 15.bxc5 Nxc5 16.Ne1 f5
17.exf5 Bxf5 18.Nd3 Nf6 19.Nxc5 bxc5 20.Rb3 Rab8 21.Qa3 Ne4 22.Nb5 a6 23.Nxd6 Rxb3
24.Nxf5 Rxa3 25.Nxe7+ Kf7 26.Nc6 Rxa2 27.Bd3 Nc3 28.Re1 e4 29.Bf1 Na4 30.g3 Bc3
31.Rd1 Nb2 32.Rc1 Na4 33.d6 Bd2 34.Bxd2 Rxd2 35.d7 Nb6 36.d8=Q Rfxd8 37.Nxd8+ Rxd8
38.Ra1 Ra8 39.Ra5 Nd7 40.Bg2 Nf6 41.Kf1 Ke6 42.Ke2 Kd6 43.Ke3 Ng4+ 44.Kxe4 Nxf2+
45.Kf4 Ra7 46.Kg5 Ng4 47.Bd5 Nxh2 48.Kxg6 Ng4 49.Ra3 a5 50.Kxh5 Nf6+ 51.Kh6 Nxd5
52.Rd3 a4 53.Rxd5+ Ke6 54.g4 a3 55.Rd1 Ke5 56.g5 a2 57.Ra1 Kd4 58.g6 Kc3
59.g7 Rxg7 60.Kxg7 Kb2  0-1

[Event "Capablanca mem-A"]
[Site "Cienfuegos"]
[Date "1983.??.??"]
[Round "?"]
[White "Fernandez, Juan C"]
[Black "Bielczyk, Jacek"]
[Result "1/2-1/2"]
[WhiteElo "2410"]
[BlackElo "2410"]

1.d4 Nf6 2.c4 d6 3.Nc3 Nbd7 4.e4 e5 5.Nf3 g6 6.Be2 Bg7 7.O-O O-O 8.Be3 a6
9.d5 Ng4 10.Bd2 f5 11.Ng5 Ndf6 12.Qb3 Kh8 13.Rad1 Qe7 14.c5 dxc5 15.d6 Qxd6
16.Nf7+ Rxf7 17.Qxf7 Qe6 18.Qxe6 Bxe6 19.f3 Nh6 20.Be3 Bf8 21.Rd2 f4 22.Bf2 Nf7  1/2-1/2

[Event "DDR-ch 32th"]
[Site "Cottbus"]
[Date "1983.??.??"]
[Round "?"]
[White "Gruenberg, Hans Ulrich"]
[Black "Uhlmann, Wolfgang"]
[Result "1/2-1/2"]
[WhiteElo "2450"]
[BlackElo "2505"]

1.d4 Nf6 2.c4 g6 3.Nc3 Bg7 4.e4 d6 5.Be2 O-O 6.Nf3 e5 7.Be3 Ng4 8.Bg5 f6
9.Bh4 Nc6 10.d5 Ne7 11.Nd2 Nh6 12.O-O g5 13.Bg3 f5 14.exf5 Nhxf5 15.Nde4 Ng6
16.c5 Nf4 17.Bg4 dxc5 18.Nxc5 b6 19.Bxf4 gxf4 20.N5e4 Ba6 21.Re1 Nd4 22.f3 Bb7
23.Qd3 Kh8 24.Rec1 a5 25.a4 Nb3 26.Rd1 Nd4 27.Rdc1 Nb3  1/2-1/2

[Event "DDR-ch 32th"]
[Site "Cottbus"]
[Date "1983.??.??"]
[Round "?"]
[White "Uhlmann, Wolfgang"]
[Black "Casper, Thomas"]
[Result "1-0"]
[WhiteElo "2505"]
[BlackElo "2355"]

1.c4 Nf6 2.Nc3 d6 3.d4 Nbd7 4.e4 e5 5.Nf3 g6 6.Be2 Bg7 7.O-O O-O 8.Be3 c6
9.Qc2 Ng4 10.Bg5 Bf6 11.Bxf6 Ngxf6 12.Rad1 Qe7 13.b4 exd4 14.Nxd4 c5 15.bxc5 Nxc5
16.f3 Be6 17.Qd2 Rad8 18.Ndb5 b6 19.Nxd6 Bxc4 20.Bxc4 Nb7 21.Ncb5 a6 22.Bd5 axb5
23.Bxb7 Ne8 24.Nf5 Qc5+ 25.Nd4  1-0

[Event "DDR-ch 32th"]
[Site "Cottbus"]
[Date "1983.??.??"]
[Round "?"]
[White "Gruenberg, Hans Ulrich"]
[Black "Heinig, Wolfram"]
[Result "1-0"]
[WhiteElo "2450"]
[BlackElo "2320"]

1.c4 g6 2.Nc3 Bg7 3.d4 d6 4.e4 Nd7 5.Nf3 e5 6.Be2 Ngf6 7.O-O O-O 8.Re1 c6
9.Rb1 a5 10.Be3 Ng4 11.Bg5 f6 12.Bh4 Nh6 13.Qd2 Nf7 14.Rbd1 Qe8 15.Qc2 h5
16.h3 Bh6 17.dxe5 dxe5 18.Na4 Kg7 19.c5 Qe7 20.Nd2 Bxd2 21.Rxd2 g5 22.Bg3 h4
23.Bh2 Re8 24.Qc3 Nf8 25.Kh1 Ne6 26.Bg1 Nd4 27.f3 Nxe2 28.Rexe2 Be6 29.b3 Red8
30.Be3 Rxd2 31.Rxd2 Kf8 32.Nb6 Ra6 33.Bf2 Nh8 34.Rd1 Ng6 35.Qe3 Qc7 36.Be1 Ne7
37.Rd6 Kf7 38.Bxh4 Rxb6 39.Rxe6 Rb4 40.Rd6 gxh4 41.Qh6  1-0

[Event "Frunze"]
[Site "Frunze"]
[Date "1983.??.??"]
[Round "?"]
[White "Velikov, Petar"]
[Black "Vasiukov, Evgeni"]
[Result "1/2-1/2"]
[WhiteElo "2475"]
[BlackElo "2480"]

1.d4 Nf6 2.Nf3 g6 3.c4 Bg7 4.Nc3 O-O 5.e4 d6 6.Be2 e5 7.Be3 Ng4 8.Bg5 f6
9.Bh4 Nc6 10.d5 Ne7 11.Nd2 Nh6 12.f3 c5 13.a3 g5 14.Bf2 f5 15.exf5 Nhxf5
16.Nde4 Ng6 17.g3 Nd4 18.Be3 h6 19.O-O Ne7 20.Bd3 Bh3 21.Rf2 Nef5 22.Bc1 Qd7
23.b4 b6 24.Rb1 cxb4 25.axb4 Rac8 26.c5 dxc5 27.bxc5 bxc5 28.Bc4 Kh8 29.Qd3 g4
30.fxg4 Bxg4 31.Ba3 Nd6 32.Rxf8+ Rxf8 33.Bxc5 Nf3+ 34.Kh1 Ng5 35.Nxg5 hxg5
36.Bxd6 Bf3+ 37.Kg1 Qxd6 38.Ne4 Qg6 39.Re1 Qb6+  1/2-1/2

[Event "Frunze"]
[Site "Frunze"]
[Date "1983.??.??"]
[Round "?"]
[White "Zilberman, Nathan R"]
[Black "Vasiukov, Evgeni"]
[Result "1/2-1/2"]
[WhiteElo "2400"]
[BlackElo "2480"]

1.d4 Nf6 2.Nf3 g6 3.c4 Bg7 4.Nc3 O-O 5.e4 d6 6.Be2 e5 7.dxe5 dxe5 8.Qxd8 Rxd8
9.Bg5 Re8 10.Nd5 Nxd5 11.cxd5 c6 12.Bc4 cxd5 13.Bxd5 Nc6 14.O-O Be6 15.Rfd1 Nd4
16.Bxe6 Rxe6 17.Rd2 Rc8 18.Rad1 h6 19.Be3 a6 20.Nxd4 exd4  1/2-1/2

[Event "Gausdal Int"]
[Site "Gausdal"]
[Date "1983.??.??"]
[Round "?"]
[White "Bass, Leonid"]
[Black "Cramling, Dan"]
[Result "0-1"]
[WhiteElo "2460"]
[BlackElo "2410"]

1.d4 g6 2.c4 Bg7 3.Nc3 d6 4.e4 Nd7 5.Nf3 e5 6.Be2 Ngf6 7.O-O O-O 8.Re1 c6
9.Rb1 exd4 10.Nxd4 Nc5 11.Bf1 Ng4 12.h3 Qf6 13.hxg4 Qxd4 14.Qe2 Qe5 15.g5 f5
16.gxf6 Qxf6 17.Be3 Qe7 18.Qd2 Be5 19.Bg5 Qf7 20.Nd1 Kh8 21.b4 Ne6 22.Bh6 Rg8
23.Be3 g5 24.c5 Rd8 25.Bxg5 Qh5 26.f4 Nxg5 27.fxe5 Rg8 28.Rb3 Be6 29.Rd3 dxe5
30.Nf2 Nf3+ 31.Rxf3 Qxf3 32.Qd6 Qf6 33.Nd3 Rad8 34.Qxe5 Qxe5 35.Nxe5 Rd2
36.a3 Bh3 37.Nf3 Ra2 38.Nh4 Rg4 39.e5 Rxh4 40.gxh3 Rxa3 41.e6 Rg3+  0-1

[Event "Bundesliga 8283"]
[Site "Germany"]
[Date "1983.??.??"]
[Round "?"]
[White "Sonntag, Hans Hubert"]
[Black "Bastian, Herbert"]
[Result "1/2-1/2"]
[WhiteElo "2320"]
[BlackElo "2375"]

1.d4 Nf6 2.c4 d6 3.Nc3 e5 4.Nf3 Nbd7 5.e4 g6 6.Be2 Bg7 7.O-O O-O 8.Re1 c6
9.Bf1 Qc7 10.h3 a6 11.d5 c5 12.a3 Rb8 13.Be3 Ne8 14.Nd2 f5 15.f3 Ndf6 16.b4 b6
17.Rb1 h5 18.exf5 gxf5 19.Qc2 Rb7 20.Rb3 Rf7 21.Reb1 Qb8 22.Bd3 Nh7 23.bxc5 dxc5
24.Na4 Rf6 25.Kh1 Nf8 26.Bg5 Rg6 27.h4 e4 28.fxe4 Rxg5 29.hxg5 Qf4 30.Nf3 fxe4
31.Bxe4 Re7 32.Re1 Bf5 33.Qd2 Rxe4 34.Qxf4 Rxf4 35.Rxb6 Rxc4 36.Nxc5 Rxc5
37.Rxe8 Rxd5 38.Rxa6 Kf7 39.Re1 Bc3 40.Rf1 Kg7 41.Ra7+ Nd7 42.Kh2 Bg4 43.Kg3 Kg6
44.Ra6+ Kg7 45.Ra7 Kg6 46.Ra6+ Kg7  1/2-1/2

[Event "Bundesliga 8283"]
[Site "Germany"]
[Date "1983.??.??"]
[Round "?"]
[White "Duhr, Stefan"]
[Black "Klundt, Klaus"]
[Result "0-1"]
[WhiteElo "2320"]
[BlackElo "2340"]

1.d4 Nf6 2.c4 g6 3.Nc3 Bg7 4.e4 d6 5.Be2 O-O 6.Nf3 e5 7.d5 a5 8.O-O Na6 9.Bg5 h6
10.Bh4 Qe8 11.Nd2 Bd7 12.a3 a4 13.Nb5 Bxb5 14.cxb5 Nc5 15.f3 Nfd7 16.b4 axb3
17.Nxb3 f5 18.Nxc5 Nxc5 19.Qc2 fxe4 20.fxe4 Rf4 21.Bf2 Nxe4 22.Be3 g5 23.Qxc7 Rc8
24.Qxb7 Rc3 25.Rac1 Rxf1+ 26.Bxf1 Nc5 27.Qxg7+ Kxg7 28.Rxc3 Qf7 29.Bc4 Qf5
30.Rc1 Qe4 31.Bf2 Qf4 32.Rc2 Ne4 33.Ba7 Nc5 34.Bxc5 dxc5 35.b6 Qd4+  0-1

[Event "Hamar op"]
[Site "Hamar"]
[Date "1983.??.??"]
[Round "5"]
[White "Berg, Klaus"]
[Black "Autenrieth, Michael"]
[Result "1-0"]
[WhiteElo "2375"]
[BlackElo "2200"]

1.c4 d6 2.d4 Nd7 3.e4 e5 4.Nf3 g6 5.Be2 Bg7 6.Nc3 Ngf6 7.O-O O-O 8.Be3 a5
9.Qc2 Re8 10.Rad1 Qe7 11.dxe5 Nxe5 12.Nxe5 Qxe5 13.f3 Qe7 14.Rfe1 c6 15.Qd2 d5
16.cxd5 cxd5 17.Bb5 Bd7 18.Bxd7 Qxd7 19.Qf2 a4 20.Nxd5 Nxd5 21.Rxd5 Qe6 22.Qd2 Rec8
23.Bd4 Bxd4+ 24.Qxd4 a3 25.Rd1 b5 26.bxa3 Rxa3 27.Qb2 Qb6+ 28.Kh1 Qa5 29.Qf6  1-0

[Event "Hannover"]
[Site "Hannover"]
[Date "1983.??.??"]
[Round "4"]
[White "Chen De"]
[Black "Bastian, Herbert"]
[Result "1-0"]
[WhiteElo "2320"]
[BlackElo "2375"]

1.d4 Nf6 2.c4 g6 3.Nc3 Bg7 4.e4 O-O 5.Nf3 d6 6.Be2 e5 7.Be3 Ng4 8.Bg5 f6
9.Bh4 Qe8 10.O-O Nh6 11.dxe5 dxe5 12.Nd5 Rf7 13.c5 Be6 14.Bc4 Nc6 15.b4 Kh8
16.Qb3 Qf8 17.Rad1 Bg4 18.h3 Bxf3 19.Qxf3 Nd4 20.Qe3 c6 21.Nc3 Rd7 22.Ne2 Rad8
23.Nxd4 Rxd4 24.Qe2 b6 25.Rxd4 Rxd4 26.f4 b5 27.fxe5 f5 28.Bb3 Rxb4 29.Rd1 Rxe4
30.Qf2 Rxe5 31.Bg3 Re4 32.Bd6 Qe8 33.Bc7 Nf7 34.g4 Ng5 35.Kf1 Bf6 36.Rd8 Qxd8
37.Bxd8  1-0

[Event "Havana-B"]
[Site "Havana"]
[Date "1983.??.??"]
[Round "2"]
[White "Frey, Kenneth"]
[Black "Garcia Martinez, Silvino"]
[Result "1/2-1/2"]
[WhiteElo "2380"]
[BlackElo "2435"]

1.Nf3 Nf6 2.c4 g6 3.Nc3 Bg7 4.e4 d6 5.d4 O-O 6.Be2 e5 7.Be3 exd4 8.Nxd4 Re8
9.Qc2 Ng4 10.Bxg4 Bxg4 11.O-O Nc6 12.Nxc6 bxc6 13.f3 Bd7 14.c5 d5 15.Rad1 Qe7
16.Rfe1 dxe4 17.Nxe4 Bf5 18.Bd4 Bxd4+ 19.Rxd4 Rad8 20.Qc3 Rxd4 21.Qxd4 Bxe4
22.Rxe4 Qf8 23.b4 Rxe4 24.Qxe4 Qd8 25.h4 Qd2 26.Kh2 Qxa2 27.Qxc6 Qc4 28.Qe8+ Kg7
29.Qe5+ Kf8 30.Kh3 Qxb4 31.Qxc7 Qe1 32.Qxa7 Qh1+ 33.Kg3 Qe1+ 34.Kg4 h5+ 35.Kf4 Qxh4+
36.Ke5 Qg5+ 37.Kd6 Qf6+ 38.Kc7 Qe5+ 39.Kb7 Qb2+ 40.Qb6 Qxg2 41.Qd8+ Kg7 42.Qd4+ f6
43.Qc3 g5 44.c6 g4 45.c7 gxf3 46.c8=Q f2+ 47.Kb8 f1=Q 48.Q3c7+  1/2-1/2

[Event "Havana"]
[Site "Havana"]
[Date "1983.??.??"]
[Round "2"]
[White "Estevez, Guillermo"]
[Black "Zapata, Alonso"]
[Result "0-1"]
[WhiteElo "2395"]
[BlackElo "2425"]

1.d4 Nf6 2.c4 g6 3.Nc3 Bg7 4.e4 d6 5.Nf3 O-O 6.Be2 e5 7.O-O Nbd7 8.Be3 Ng4
9.Bg5 f6 10.Bc1 a5 11.Qc2 c6 12.d5 Nc5 13.h3 Nh6 14.Be3 f5 15.dxc6 bxc6 16.Rad1 Nxe4
17.Nxe4 fxe4 18.Qxe4 Qc7 19.Bxh6 Bxh6 20.c5 d5 21.Qxe5 Qxe5 22.Nxe5 Re8 23.f4 Bg7
24.Bd3 Bxe5 25.fxe5 Rxe5 26.Rde1 Rxe1 27.Rxe1 Kf7 28.Rf1+ Kg7 29.Re1 Kf6
30.Rf1+ Kg7 31.Kf2 Rb8 32.b3 a4 33.Ke3 axb3 34.axb3 Rxb3 35.Kd4 Rxd3+  0-1

[Event "Havana-B"]
[Site "Havana"]
[Date "1983.??.??"]
[Round "3"]
[White "Garcia Martinez, Silvino"]
[Black "Pilarte, Rene"]
[Result "1/2-1/2"]
[WhiteElo "2435"]
[BlackElo "2320"]

1.d4 Nf6 2.c4 g6 3.Nc3 Bg7 4.e4 d6 5.Be2 O-O 6.Nf3 e5 7.Be3 Ng4 8.Bg5 f6
9.Bd2 Nh6 10.O-O Nc6 11.d5 Ne7 12.b4 Nf7 13.Ne1 f5 14.Rc1 fxe4 15.Nxe4 c6
16.Nc3 cxd5 17.cxd5 Bd7 18.a4 Nf5 19.a5 Nd4 20.Be3 Rc8 21.Bd3 Qh4 22.Ne4 Rxc1
23.Bxc1 Bf5 24.Nf3 Nxf3+ 25.Qxf3 Bxe4 26.Qxe4 Qxe4 27.Bxe4 Rc8 28.Be3 a6
29.Rc1 Rxc1+ 30.Bxc1 Bh6 31.Be3 Bxe3 32.fxe3 Nh6 33.h3 Kg7 34.Bf3 Kf6 35.Be2 Ke7
36.g4 Nf7 37.Bd3 Ng5 38.h4 Nf3+ 39.Kf2 Nxh4 40.Kg3 g5 41.Bxh7  1/2-1/2

[Event "Havana-B"]
[Site "Havana"]
[Date "1983.??.??"]
[Round "11"]
[White "Pilarte, Rene"]
[Black "Rodriguez, Amador"]
[Result "1/2-1/2"]
[WhiteElo "2320"]
[BlackElo "2475"]

1.d4 Nf6 2.c4 g6 3.Nc3 Bg7 4.e4 d6 5.Nf3 O-O 6.Be2 e5 7.dxe5 dxe5 8.Qxd8 Rxd8
9.Bg5 Na6 10.O-O Re8 11.Rad1 h6 12.Bc1 c6 13.Ne1 Nc5 14.f3 a5 15.Nd3 Bf8
16.Be3 Nfd7 17.Rd2 Nxd3 18.Rxd3 Nc5 19.Rd2 Be6 20.Rfd1 f5 21.h3 f4 22.Bf2 a4
23.h4 g5 24.g3 fxg3 25.Bxg3 Bf7 26.hxg5 hxg5 27.Bf1 Kg7 28.Bf2 Be7 29.Ne2 Rh8
30.Ng3 Be6 31.Nf5+ Bxf5 32.exf5 Raf8 33.Kg2 Rxf5 34.Bxc5 Bxc5 35.Rd7+ Kf6
36.Kg3 Rf4 37.Rxb7 g4 38.fxg4 Bf2+ 39.Kg2 Bd4 40.Kg3 Bf2+  1/2-1/2

[Event "Helsinki"]
[Site "Helsinki"]
[Date "1983.??.??"]
[Round "7"]
[White "Balashov, Yuri S"]
[Black "Mortensen, Erling"]
[Result "0-1"]
[WhiteElo "2540"]
[BlackElo "2475"]

1.d4 Nf6 2.c4 g6 3.Nc3 Bg7 4.e4 d6 5.Nf3 O-O 6.Be2 e5 7.Be3 c6 8.O-O exd4
9.Bxd4 Re8 10.Qc2 Qe7 11.Rfe1 c5 12.Be3 Nxe4 13.Nd5 Qd8 14.Bd3 Nf6 15.Bg5 Be6
16.Qb3 Bxd5 17.cxd5 Nbd7 18.Qxb7 Qb6 19.Qc6 Qxb2 20.Qxd6 Bf8 21.Qc6 Rac8
22.Qb5 Rxe1+ 23.Rxe1 Qxa2 24.Bc4 Qc2 25.Qa6 Re8 26.Rc1 Qf5 27.Bxf6 Nxf6 28.Qxa7 Nxd5
29.Qa4 Rb8 30.Qd1 Nf4 31.g3 Nh3+ 32.Kg2 Rb2 33.Be2 Qe4 34.Kxh3 Rxe2 35.Kg2 h5
36.h4 Qe3 37.Qf1 Rxf2+ 38.Qxf2 Qxc1 39.Ng5 Qc4 40.Qf3 Be7  0-1

[Event "Jajce (Women)"]
[Site "Jajce"]
[Date "1983.??.??"]
[Round "9"]
[White "Alexandria, Nana"]
[Black "Veroci, Zsuzsa"]
[Result "1/2-1/2"]
[WhiteElo "2355"]
[BlackElo "2235"]

1.d4 Nf6 2.c4 g6 3.Nc3 Bg7 4.e4 d6 5.Be2 O-O 6.Nf3 Nbd7 7.O-O e5 8.Re1 c6
9.Bf1 Ng4 10.h3 exd4 11.Nxd4 Qb6 12.hxg4 Qxd4 13.Bf4 Qxd1 14.Raxd1 Ne5 15.Rxd6 Bxg4
16.c5 Rfe8  1/2-1/2

[Event "URS-ch U26"]
[Site "Jurmala"]
[Date "1983.??.??"]
[Round "?"]
[White "Azmaiparashvili, Zurab"]
[Black "Lputian, Smbat G"]
[Result "1/2-1/2"]
[WhiteElo "2455"]
[BlackElo "2530"]

1.d4 Nf6 2.c4 d6 3.Nc3 Nbd7 4.Nf3 g6 5.e4 Bg7 6.Be2 O-O 7.O-O e5 8.Be3 Ng4
9.Bg5 f6 10.Bh4 h5 11.Bg3 Nh6 12.dxe5 dxe5 13.Nd2 Nc5 14.Nb3 Ne6 15.Qxd8 Rxd8
16.Rfd1 Nf7 17.f3 Bf8 18.Bf2 c5 19.Nd5 Kg7 20.Bf1 Nd4 21.Nc1 Bd6 22.Nd3 b6
23.b3 Ng5 24.Rac1 Nge6 25.Bh4 Rf8 26.Bg3 Bb7 27.Rd2 Rae8 28.Rb2 Rh8 29.Bh4 Rhf8
30.Bg3 Rh8 31.Bh4 Rhf8 32.Bg3 Rh8 33.Bh4  1/2-1/2

[Event "Toth mem"]
[Site "Kecskemet"]
[Date "1983.??.??"]
[Round "?"]
[White "Barczay, Laszlo"]
[Black "Szekely, Peter"]
[Result "1/2-1/2"]
[WhiteElo "2435"]
[BlackElo "2440"]

1.d4 Nf6 2.c4 g6 3.Nc3 Bg7 4.e4 d6 5.Nf3 O-O 6.Be2 e5 7.dxe5 dxe5 8.Qxd8 Rxd8
9.Bg5 Na6 10.Nd5 Rd6 11.Bxf6 Bxf6 12.O-O-O Bg4 13.Ng1 Bxe2 14.Nxe2 Kg7 15.Ndc3  1/2-1/2

[Event "Lugano op"]
[Site "Lugano"]
[Date "1983.??.??"]
[Round "5"]
[White "Henley, Ron W"]
[Black "Andreasson, Ingvar"]
[Result "1-0"]
[WhiteElo "2525"]
[BlackElo "2200"]

1.d4 Nf6 2.c4 g6 3.Nc3 Bg7 4.e4 d6 5.Be2 O-O 6.Nf3 Nbd7 7.O-O e5 8.Qc2 c6
9.Rd1 Re8 10.Be3 Qe7 11.dxe5 dxe5 12.a3 Nh5 13.g3 Ndf6 14.b4 b6 15.c5 Ng4
16.Bg5 f6 17.Bd2 f5 18.Bc4+ Kh8 19.Bg5 Qf8 20.Rd6 bxc5 21.bxc5 f4 22.Nh4 Bh6
23.Rxg6 Bxg5 24.Rxg5 Qh6 25.Nf3 Ng7 26.Rd1 Nxh2 27.Nxe5 Qh3 28.Ne2 fxg3 29.Nf4  1-0

[Event "Lvov"]
[Site "Lvov"]
[Date "1983.??.??"]
[Round "?"]
[White "Adamski, Jan"]
[Black "Pirttimaki, Timo"]
[Result "1-0"]
[WhiteElo "2425"]
[BlackElo "2360"]

1.c4 Nf6 2.Nc3 e5 3.Nf3 d6 4.d4 Nbd7 5.e4 g6 6.Be2 Bg7 7.O-O O-O 8.Qc2 c6
9.Rd1 Qe7 10.d5 c5 11.Rb1 Nh5 12.g3 Ndf6 13.b4 cxb4 14.Rxb4 b6 15.a4 Bg4
16.a5 bxa5 17.Ra4 Rfc8 18.Qa2 Nd7 19.Rxa5 Nb6 20.Nb5 Nxc4 21.Ra6 Qb7 22.Bxc4 Rxc4
23.Nxd6 Qd7 24.Qxc4 Bxf3 25.Re1 Bf8 26.Qb3  1-0

[Event "Netanya"]
[Site "Netanya"]
[Date "1983.??.??"]
[Round "1"]
[White "Pachman, Ludek"]
[Black "Ciocaltea, Victor"]
[Result "1-0"]
[WhiteElo "2455"]
[BlackElo "2420"]

1.d4 g6 2.c4 Bg7 3.Nc3 d6 4.e4 Nd7 5.Be2 e5 6.Nf3 Ngf6 7.O-O O-O 8.Qc2 c6
9.Rd1 Qe7 10.Rb1 h6 11.b4 Nh7 12.b5 Ng5 13.bxc6 bxc6 14.dxe5 Nxf3+ 15.Bxf3 Bxe5
16.Ne2 Nc5 17.Bxh6 Re8 18.Qd2 Ne6 19.Be3 Ba6 20.Rdc1 c5 21.Bg4 Rad8 22.h3 Nd4
23.Bxd4 cxd4 24.f4 Bg7 25.Bf3 Rc8 26.Nxd4 Bxc4 27.Nb5 Red8 28.Rd1 d5 29.e5 f6
30.Nd6 fxe5  1-0

[Event "New York"]
[Site "New York"]
[Date "1983.??.??"]
[Round "1"]
[White "Gurevich, Dmitry"]
[Black "Murrey, Jacob"]
[Result "1-0"]
[WhiteElo "2470"]
[BlackElo "2500"]

1.d4 Nf6 2.c4 g6 3.Nc3 Bg7 4.e4 d6 5.Nf3 O-O 6.Be2 e5 7.Be3 h6 8.O-O Ng4
9.Bc1 Nc6 10.d5 Ne7 11.h3 Nf6 12.Ne1 Nh7 13.Nd3 f5 14.exf5 Nxf5 15.Ne4 Qh4
16.f3 Nf6 17.Ndf2 Nh5 18.g4 Nfg3 19.Kg2 Nf4+ 20.Bxf4 exf4 21.Rg1 Bxb2 22.Rb1 Be5
23.c5 h5 24.Qd3 Rf7 25.cxd6 cxd6 26.Nxg3 fxg3 27.Qxg6+ Bg7 28.Ne4 hxg4 29.fxg4 Bf5
30.Qxf7+ Kxf7 31.Nxd6+ Kf8 32.Nxf5 Qg5 33.Rgf1 Qd2 34.Nxg3+ Kg8 35.Rf2 Bd4
36.Rd1 Qb2 37.Rf4 Re8 38.Rdxd4 Rxe2+ 39.Nxe2 Qxe2+ 40.Rf2 Qe5 41.Rfd2 Kf7
42.d6 Ke8 43.d7+ Kd8 44.h4 b5 45.h5 Qc5 46.h6 Qc6+ 47.Kg3 Qc7+ 48.Rd6 Qc5
49.Kf4 Qc4+ 50.Kg5 Qe4 51.R2d4 Qc2 52.Kf6 Qh7 53.g5 Qh8+ 54.Kf5 Qf8+ 55.Kg4 Qf2
56.h7 Qe2+ 57.Kf5 Qh5 58.Rh6 Qf3+ 59.Kg6  1-0

[Event "Marshall CC-ch"]
[Site "New York"]
[Date "1983.??.??"]
[Round "6"]
[White "Shainswit, George"]
[Black "Taylor, Timothy"]
[Result "1/2-1/2"]
[WhiteElo "2205"]
[BlackElo "2520"]

1.d4 Nf6 2.Nf3 g6 3.c4 Bg7 4.Nc3 O-O 5.e4 d6 6.Be2 e5 7.dxe5 dxe5 8.Qxd8 Rxd8
9.Bg5 Re8 10.Nd5 Nxd5 11.cxd5 c6 12.Bc4 cxd5 13.Bxd5 Nc6 14.Bxc6 bxc6 15.Nd2 Be6
16.O-O Reb8 17.b3 a5 18.Rac1 a4 19.Rxc6 axb3 20.axb3 Bxb3 21.Nxb3 Rxb3 22.Rfc1 h6
23.Rc8+ Rxc8 24.Rxc8+ Kh7 25.Be3  1/2-1/2